| 000 | 01112nam a2200277Ia 4500 | ||
|---|---|---|---|
| 008 | 130821s1987 sp a gr spa | ||
| 020 | _a8428314969 | ||
| 040 |
_aCO-BoUCM _bspa _cAngélica Rojas (modificó) _dAldemar Mondragón (modificó) |
||
| 041 | 0 | 0 | _aspa |
| 100 | 1 |
_aAshford, N. A. _940485 |
|
| 245 | 1 | 0 |
_aAeropuertos _cN. Ashford y P.H. Wright. ; traducido por Luis Marquina Sánchez |
| 260 |
_aMadrid (España) _bEditorial Paraninfo _c1987 |
||
| 300 |
_a546 páginas _bilustraciones _eplano |
||
| 504 | _aIncluye referencias bibliográficas e índices | ||
| 505 |
_tIngenieria _tTransporte _tAviones (influencia) trafico, acceso _tHelicopteros _tTerminales _tMercancia |
||
| 650 | 7 |
_aAdministración de aeropuertos _98529 |
|
| 650 | 7 |
_aAeropuertos _98660 |
|
| 650 | 7 |
_aAeropuertos _xDiseño y construccion _98660 |
|
| 650 | 7 |
_aIngeniería _917607 |
|
| 690 |
_aIngeniería _917607 |
||
| 700 | 1 |
_aMarquina Sánchez, Luis _etraductor _940486 |
|
| 700 | 1 |
_aWright, P.H. _940487 |
|
| 765 | _aAiropot engineering | ||
| 942 |
_cLIBRO _a14 _e1 _mA825a _2DEWEY _h629.136 |
||
| 999 |
_c57054 _d57054 |
||